01243nam a2200325Ia 4500001001200000003000800012006001900020007001500039008004100054010001700095020001800112020001500130020001800145020001500163040002100178035002100199050002300220100002200243245008000265260005800345300003200403490003300435504006600468533015200534651002900686655002900715710001700744830003000761856012600791ebr10288275CaPaEBRm u cr cn|||||||||080703s2009 enkab sb 001 0 eng d z 2008029792 z9780195338119 z0195338111 z9780195160758 z0195160754 aCaPaEBRcCaPaEBR a(OCoLC)65477615214aDS525b.L65 2009eb1 aLockard, Craig A.10aSoutheast Asia in world historyh[electronic resource] /cCraig A. Lockard. aOxford ;aNew York :bOxford University Press,c2009. aviii, 256 p. :bill., maps.1 aThe new Oxford world history aIncludes bibliographical references (p. [209]-221) and index. aElectronic reproduction.bPalo Alto, Calif. :cebrary,d2009.nAvailable via World Wide Web.nAccess may be limited to ebrary affiliated libraries. 0aSoutheast AsiaxHistory. 7aElectronic books.2local2 aebrary, Inc. 0aNew Oxford world history.40uhttp://site.ebrary.com/lib/rucke/Doc?id=10288275zAn electronic book accessible through the World Wide Web; click to view